| 000 | 00952nam a22002417a 4500 | ||
|---|---|---|---|
| 999 |
_c2567 _d2567 |
||
| 003 | AR-CdUCM | ||
| 008 | 190304b ||||| |||| 00| 0 spa d | ||
| 020 | _a950-694-239-0 | ||
| 040 |
_aMUNICIPALIDAD PROVINCIAL DEL CUSCO _cBIBLIOTECA MUNICIPAL DEL CUSCO |
||
| 041 | _heng | ||
| 082 |
_a327.373 / _bAM496 |
||
| 100 |
_aAmbrose, Stephen E. _99076 |
||
| 245 |
_aHacia el poder global : _bLa política exterior norteamericana desde 1938 hasta Reagan / |
||
| 260 |
_aBuenos Aires : _bGrupo Editor Latinoamericano _c1992. |
||
| 300 |
_a286 paginas ; _c24 cm. |
||
| 505 | _aEl serpenteante camino hacia la guerra -- La isla en Europa -- La guerra en Asía -- Los comienzos de la guerra fría -- La doctrina Truman y el plan Marshall... | ||
| 650 |
_aLas nuevas fronteras _99077 |
||
| 650 |
_aGuerra fria _95243 |
||
| 650 |
_aPotencias mundiales _99078 |
||
| 700 |
_aAramburú, Maria Elena ( Traductor) _99079 |
||
| 942 |
_2ddc _cLIBROS |
||
| 945 | _awnts | ||